Normal view MARC view
  • Olvera García, Jorge,

Entry Nombre Personal

Number of records used in: 5

001 - NUMERO DE CONTROL

  • campo de control: 39136

003 - IDENTIFICADOR DE NUMERO DE CONTROL

  • campo de control: UPN

005 - FECHA Y HORA DE LA ÜLTIMA TRANSACCIÓN

  • campo de control: 20210219194542.0

008 - DATOS DE LONGITUD FIJA

  • campo de control de longitud fija: nabaccnnaabn|||||||||| b |nc|||||d

035 ## - NUMERO DE CONTROL

  • Número de control: UPN11000011243

040 ## - FUENTE DE CATALOGACIÓN

  • Lenguaje de catalogación: SPA
  • Agencia de transcripción: UPN

100 1# - ENCABEZAMIENTO - NOMBRE PERSONAL

  • Nombre personal: Olvera García, Jorge,
  • Fechas asociadas con el nombre: 1962-

670 ## - FUENTE EN LA QUE SE LOCALIZARON DATOS

  • Cita de la fuente: T
  • Información localizada: Wikipedia

680 ## - NOTA PUBLICA DE ACCESO PÚBLICO

  • Frase explicativa de la referencia: Licenciado, Especialista, Maestro y Doctor en Derecho, integrante del Sistema Nacional de Investigadores. Actualmente Rector de la Universidad Autónoma del Estado de México

902 ## - CATALOGADOR

  • Catalogador: MCM/031016